000 00552nam a22002177a 4500
003 OSt
005 20250621161239.0
008 250621b |||||||| |||| 00| 0 eng d
020 _a9781859412633
040 _cDLC
050 _aK150
_b1995
100 _aSlapper, Gary
245 _aEnglish Legal System /
_bThe Cavendish Q & A Series
250 _a2nd Edition
260 _aLondon ;
_bCavendish Pub. Ltd ;
_cc1995
300 _ax, 285 pages
490 _3Legal System
500 _aIncludes Index
700 _aDavid Kelly
942 _2lcc
_cBK
_n0
999 _c6613
_d6613